000 00391nam a22001457a 4500
020 _a0340613998
040 _cNust
082 _a671.52
_bGOU'P
100 _aLM Gourd
_9126598
245 _aprinciples of welding technology
250 _a3rd Edition
260 _aLondon:
_bArnold International Edition,
_c1995.
650 _aprinciples of welding technology
_9126599
942 _2ddc
_cBK
999 _c612202
_d612202